| 000 | 00789nam a22002177a 4500 | ||
|---|---|---|---|
| 005 | 20120110122023.0 | ||
| 010 | _aB-444552 | ||
| 020 |
_a9780448450155 _c99.00 |
||
| 035 | _aB-444552 | ||
| 037 |
_bBlue Berry/Ven _aDPL |
||
| 082 | _aS | ||
| 100 |
_aKirk, David _939154 |
||
| 245 |
_a Miss spider's sunny patch friends: _cby David Kirk _bWiggle's squiggles / |
||
| 260 |
_aNew York _bCallaway _c2008 |
||
| 270 |
_a345 Hudson Street _bNew York _e10014 |
||
| 300 |
_a32p. _c19cm. |
||
| 700 | _935775 | ||
| 942 |
_2ddc _cCH _mKIR _hS |
||
| 999 |
_c60602 _d60602 |
||